The 3 most spoken languages in each state - Statistics

General Stats
  • This quiz has been taken 199 times
    171 since last reset
  • The average score is 137 of 150
Answer Stats
State Answer % Correct
Alabama | Alaska | Arizona | +46 others Spanish
99%
Alabama | Alaska | Arizona | +47 others English
98%
Arkansas | Louisiana | Maine | +3 others French
96%
Maryland French
95%
Alabama | Colorado | Idaho | +10 others German
90%
California | Delaware | New Jersey | +5 others Chinese
88%
Massachusetts | Rhode Island Portuguese
88%
Michigan | Tennessee Arabic
82%
Georgia | Virginia Korean
73%
Florida French Creole
72%
Hawaii | Nevada Tagalog
72%
Mississippi | Nebraska | Oklahoma | Texas Vietnamese
72%
Connecticut | Illinois Polish
66%
Arizona | New Mexico Navajo
56%
Hawaii Hawaiian
50%
South Dakota Dakota
24%
Minnesota | Wisconsin Hmong
22%
Alaska Native North American
7%
Montana Native North American
1%
No matching quizzes found
Score Distribution
Percent of People with Each Score
Percentile by Number Answered
Your Score History
You have not taken this quiz since the last reset